ბათუმის შოთა რუსთაველის სახელმწიფო უნივერსიტეტის ბიბლიოთეკა

Surrounded by Narcissists: (ბიბ.ჩანაწერი № 62684)

000 -LEADER
fixed length control field 00649nam a22001817a 4500
005 - DATE AND TIME OF LATEST TRANSACTION
control field 20250122170941.0
008 - FIXED-LENGTH DATA ELEMENTS--GENERAL INFORMATION
fixed length control field 250122s2022 enk||||| |||| 00| 0 geo d
041 ## - LANGUAGE CODE
Language code of text/sound track or separate title 9781785043673x
080 ## - UNIVERSAL DECIMAL CLASSIFICATION NUMBER
Universal Decimal Classification number 159.9 E-68
100 ## - MAIN ENTRY--PERSONAL NAME
Personal name Erikson, Thomas
9 (RLIN) 24088
245 ## - TITLE STATEMENT
Title Surrounded by Narcissists:
Remainder of title Or, How to Stop Other People's Egos Ruining Your Life /
Statement of responsibility, etc. Thomas Erikson.
264 ## - PRODUCTION, PUBLICATION, DISTRIBUTION, MANUFACTURE, AND COPYRIGHT NOTICE
Place of production, publication, distribution, manufacture London :
Name of producer, publisher, distributor, manufacturer Vermilion,
Date of production, publication, distribution, manufacture, or copyright notice 2022.
300 ## - PHYSICAL DESCRIPTION
Extent 299 p.;
Other physical details 20 cm.
653 ## - INDEX TERM--UNCONTROLLED
keyword ნარცისისტები
653 ## - INDEX TERM--UNCONTROLLED
keyword სხვა ადამიანების ეგოები
653 ## - INDEX TERM--UNCONTROLLED
keyword ფსიქოლოგია
942 ## - ADDED ENTRY ELEMENTS (KOHA)
Source of classification or shelving scheme
Koha item type წიგნი
ეგზემპლარები
Withdrawn status Lost status Source of classification or shelving scheme Damaged status Not for loan Permanent Location Current Location Shelving location Date acquired Cost, normal purchase price Full call number Barcode Date last seen Copy number Price effective from Koha item type Public note
          ბათუმის შოთა რუსთაველის სახელმწიფო უნივერსიტეტის მთავარი ბიბლიოთეკა ბათუმის შოთა რუსთაველის სახელმწიფო უნივერსიტეტის მთავარი ბიბლიოთეკა წიგნსაცავი 2025-01-22 47.00 159.9 E-68 70378 2025-01-22 70378 2025-01-22 წიგნი 47 ლ.